000 01161nam a2200313 4500
003 EG-GICUC
005 20260121101208.0
008 251111s2007 ua ||||f |||| 00| 0 ara d
040 _a EG-GICUC
_bara
_c EG-GICUC
_d EG-GICUC
_erda
041 _aara
082 0 4 _221
_a345
_bم ح . م
092 0 4 _221
099 _a law1 07 345 م ح . م 2 ed - 2007
100 0 _aمحمد عبد الحميد
_eمؤلف.
245 _aالمرجع في القانون الإداري /
_cدكتور محمد عبد الحميد
250 _aالطبعة الثانية
264 _aالقاهرة :
_bمطبعة العشري ,
_c2007.
300 _a848 صفحة
_c24 سم
336 _2rda content
_atext
337 _2rda media
_aComputer
338 _2rda carrier
_aOnline Resource
500 _aيشتمل علي ارجاعات ببليوجرافية
546 _aالنص أغلبه باللغة العربية بعض النصوص الإنجليزية والفرنسية
650 1 _aالقانون الإداري
_2qrmak
651 1 _2qrmak
856 4 0 _uhttps://fll.law.cu.edu.eg/fulltext/bks/B07-00459.pdf
905 _a74
942 _2ddc
_n0
_cBK
_e21
999 _c42473
_d42473